Catálogo

OBRAS DE JESUS SILVA HERZOG : (Registro nro. 59873)

Detalles MARC
000 -LEADER
fixed length control field 00616nam a2200181 a 4500
001 - CONTROL NUMBER
control field 59873
005 - DATE AND TIME OF LATEST TRANSACTION
control field 20180714060937.0
008 - FIXED-LENGTH DATA ELEMENTS--GENERAL INFORMATION
fixed length control field 140415s2008 mx 000 0 spa d
020 ## - INTERNATIONAL STANDARD BOOK NUMBER
International Standard Book Number 9706403299
041 ## - LANGUAGE CODE
Language code of text/sound track or separate title spa
082 ## - DEWEY DECIMAL CLASSIFICATION NUMBER
Classification number 333.31
Item number SIL
100 1# - MAIN ENTRY--PERSONAL NAME
Personal name SILVA HERZOG, JESUS
245 10 - TITLE STATEMENT
Title OBRAS DE JESUS SILVA HERZOG :
Remainder of title LA CUESTION AGRARIA
250 ## - EDITION STATEMENT
Edition statement 1a ed.
260 ## - PUBLICATION, DISTRIBUTION, ETC.
Place of publication, distribution, etc. MEXICO :
Name of publisher, distributor, etc. EL COLEGIO NACIONAL,
Date of publication, distribution, etc. 2008
300 ## - PHYSICAL DESCRIPTION
Extent 480
Dimensions 24.3 x 4.3 x 16.7
650 14 - SUBJECT ADDED ENTRY--TOPICAL TERM
Topical term or geographic name entry element AGRARISMO
General subdivision MEXICO
-- POLITICA ECONOMICA
-- MEXICO
-- ECONOMIA DE LA TIERRA
-- HISTORIA
-- REFORMA AGRARIA
-- MEXICO
-- POLITICA AGRICOLA
-- MEXICO
Existencias
Withdrawn status Lost status Source of classification or shelving scheme Damaged status Not for loan Collection code Home library Current library Shelving location Date acquired Source of acquisition Inventory number Total Checkouts Full call number Barcode Date last seen Price effective from Koha item type
    Dewey Decimal Classification     General Biblioteca Karol Wojtyla Biblioteca Karol Wojtyla Sala general 03/12/2013 Compra 151000000000000000049083   333.31 SIL 90278 05/01/2026 03/12/2013 Libro